000 00903nam a22002417a 4500
999 _c4300
_d4300
003 AR-CdUCM
008 190308b ||||| |||| 00| 0 spa d
040 _aMUNICIPALIDAD PROVINCIAL DEL CUSCO
_cBIBLIOTECA MUNICIPAL DEL CUSCO
082 _a730.96 /
_bP29
100 _aPaulme, Denise
_913593
245 _aLas esculturas del África negra /
260 _aMexico :
_bFCE,
_c1962.
300 _a171 páginas ;
_bfotografías, ilustraciones.
_c17 cm.
440 _abreviarios del fondo de cultura económica
_n165
_913594
505 _aEl descubrimiento del arte negro -- La sabana sudanesa -- La costa y la selva atlánticas -- Las culturas de Guinea -- El camerún...
650 _aEsculturas.
_913595
650 _aAfrica.
_91289
650 _aSelva ecuatorial.
_913596
650 _aArte negro.
_913597
650 _aTécnicas africanas.
_913598
942 _2ddc
_cLIBROS
945 _awfj
_d2019-03-08